Misheard Lyrics - Statistics

General Stats
  • This quiz has been taken 7 times
  • The average score is 4 of 25
Answer Stats
Misheard Correct % Correct
Billy Jean is not my mother Billy Jean is not my lover
50%
Chips for free Chicks for free
50%
Lets pee in the corner lets pee in the spotlight That's me in the corner that's me in the spotlight
50%
We built this city on sausage rolls We built this city on rock and roll
50%
I'm friends with the mustard that's under my bed I'm friends with the monster that's under my bed
33%
Kicking your cat all over the place Kicking your can all over the place
33%
Santa's breaking down on a camels back City's breaking down on a camels back
17%
Enter night, eggs and light Enter night, exit light
17%
Get your free cone Get your freak on
17%
Got a long list of Starbucks lovers Got a long list of ex lovers
17%
Had to have high high hopes for a lemon Had to have high high hopes for a livin'
17%
I walk this lonely road I am the only one I wore cologne I walk this lonely road I am the only one I walk alone
17%
They paved paradise and put up a censored lot They paved paradise and put up a parking lot
17%
Ain't trying to censored Ain't trying to front
0%
A year has passed since I broke my nose A year has passed since I wrote my note
0%
Censored on the petal Foot on the petal
0%
If you change your mind, Jackie Chan, I’m the first in line, Jackie Chan If you change your mind, take a chance, I’m the first in line, take a chance
0%
I'm farting carrots I'm 14 karats
0%
In New York, concrete jungle, wet dream, tomato In New York, concrete jungle where dreams are made, oh
0%
It's your grandma Is it real now?
0%
Animal Panama
0%
Shamu the mysterious whale She moves in mysterious ways
0%
Cereal, little darling, cereal Stir it up, little darling, stir it up
0%
Think of Batman pooping snakes Take the path that moonbeams make
0%
We're working for peanuts We're headed for venus
0%
No matching quizzes found
Score Distribution
Percent of People with Each Score
Percentile by Number Answered
Your Score History
You have not taken this quiz